Auguste Rodin

Libro de Viscontea sobre el escultor francés Auguste Rodin, publicado en Buenos Aires, Argentina. Se trata de un libro de 16 páginas en español que está relacionado con temas como los escultores franceses y Rodin.

Bibliographic Details
Main Author: Rodin, Auguste 1840-1917
Other Authors: Goldscheider, Cécile (selección)
Format: Libro
Language:Spanish
Published: Argentina : Viscontea, 1983.
Edition:Segunda edición.
Series:Los grandes escultores 1
Subjects:
Online Access:

MARC

LEADER 00000cam a2200000 a 4500
001 021523
003 UAHC_CL
005 20241108195645.0
008 241107s1983 ag 000 u spa
020 |a 2863960857 
035 |a ARTES 
040 |a UAHC_CL  |c UAHC_CL  |d UAHC_CL 
082 |2 21  |b R692  |a 730.92 
100 |a Rodin, Auguste  |d 1840-1917  |9 20655 
245 1 3 |a Auguste Rodin  |c Cécile Goldscheider. 
250 |a Segunda edición. 
260 |a Argentina :  |b Viscontea,  |c 1983. 
300 |a 16 páginas.  |b fotografías 
440 |a Los grandes escultores  |v 1  |9 20674 
520 |a Libro de Viscontea sobre el escultor francés Auguste Rodin, publicado en Buenos Aires, Argentina. Se trata de un libro de 16 páginas en español que está relacionado con temas como los escultores franceses y Rodin. 
650 0 |a Escultura francesa  |9 20654 
700 |a Goldscheider, Cécile  |9 20675  |e selección 
942 |c BK  |2 ddc 
952 |0 0  |1 0  |2 ddc  |4 0  |6 730_920000000000000_RODI  |7 0  |8 COMP  |9 100284  |a BS  |b BS  |c General  |d 2024-11-07  |e Donación  |l 1  |o  730.92 RODI  |p 1444108  |r 2025-11-26 00:00:00  |s 2024-11-20  |t 1  |w 2024-11-07  |y BK  |B ARYOF 
999 |c 62237  |d 62237